| 000 | 00586nam a2200193 a 4500 | ||
|---|---|---|---|
| 005 | 20230610063654.0 | ||
| 008 | 991125s1978 par 000 0 spa u | ||
| 020 | _a923301441X | ||
| 035 | _aUPN01000017053 | ||
| 049 | _aCG | ||
| 050 | 4 |
_aLB3205 _bE3.98 |
|
| 245 | 0 | 0 |
_aEdificios y locales para uso escolar y comunitario : _bcinco estudios monográficos. |
| 260 |
_aParís : _bUNESCO, _c1978. |
||
| 300 |
_a131 p. : _bil. |
||
| 440 | 0 |
_aEstudios y documentos de educación. _pNueva serie |
|
| 650 | 4 |
_aCentros comunales _99597 |
|
| 650 | 4 |
_aEscuelas _xEdificios _921431 |
|
| 905 | _aLibro | ||
| 999 |
_c17053 _d17053 |
||